Central Library OPAC University of Rajshahi

Essays in the economic and social history of Tudor and Stuart England / (Record no. 45393)

MARC details
000 -LEADER
fixed length control field 01035nam a2200277 a 4500
001 - CONTROL NUMBER
control field 45393
003 - CONTROL NUMBER IDENTIFIER
rucl marc code BD-RjUL
005 - DATE AND TIME OF LATEST TRANSACTION
control field 20211209054015.0
008 - FIXED-LENGTH DATA ELEMENTS--GENERAL INFORMATION
fixed length control field 160725s1961 enkac b 010 0 eng
035 ## - SYSTEM CONTROL NUMBER
System control number (BD-RjUL)45511
040 ## - CATALOGING SOURCE
Original cataloging agency DLC
Transcribing agency ODaWU
Modifying agency OCoLC
-- NcRS
-- Uk
-- NSbSU
-- DLC
-- BD-RjUL
Language of cataloging eng
041 ## - LANGUAGE CODE
Language code of text/sound track or separate title eng
082 ## - DEWEY DECIMAL CLASSIFICATION NUMBER
Edition number 23
Classification number 330.942
Author mark and year TAE 1961
100 ## - MAIN ENTRY--PERSONAL NAME
Personal name Tawney, R. H.
9 (RLIN) 128434
245 10 - TITLE STATEMENT
Title Essays in the economic and social history of Tudor and Stuart England /
Statement of responsibility, etc. in honour of R. H. Tawney, F. J. Fisher
260 ## - PUBLICATION, DISTRIBUTION, ETC. (IMPRINT)
Place of publication, distribution, etc. Cambridge :
Name of publisher, distributor, etc. University Press,
Date of publication, distribution, etc. 1961.
300 ## - PHYSICAL DESCRIPTION
Pagination 235 p. ;
Size 23 cm.
500 ## - GENERAL NOTE
General note Includes Index
600 10 - SUBJECT ADDED ENTRY--PERSONAL NAME
Personal name Tawney, R. H.
Fuller form of name (Richard Henry),
Dates associated with a name 1880-1962.
651 #0 - SUBJECT ADDED ENTRY--GEOGRAPHIC NAME
Geographic name Great Britain
General subdivision Economic conditions
Chronological subdivision 16th century.
9 (RLIN) 138974
Geographic name Great Britain
General subdivision Economic conditions
Chronological subdivision 17th century.
9 (RLIN) 138975
Geographic name Great Britain
General subdivision Social conditions
Chronological subdivision 17th century.
9 (RLIN) 138976
Geographic name England
General subdivision Social conditions
Chronological subdivision 16th century.
9 (RLIN) 138977
700 ## - ADDED ENTRY--PERSONAL NAME
Personal name Fisher, F. J.
942 ## - ADDED ENTRY ELEMENTS (KOHA)
Source of classification or shelving scheme Dewey Decimal Classification
Koha item type Books
Holdings
Lost status Source of classification or shelving scheme Damaged status Not for loan Collection code Permanent Location Current Location Shelving location Date acquired Source of acquisition Cost, normal purchase price Total Checkouts Full call number Date last seen Copy number Koha item type
  Dewey Decimal Classification     Non-fiction Central Library, University of Rajshahi Central Library, University of Rajshahi   09/10/1973 Ideal Library, Dhaka. 33.00   330.942 TAE 1961 25/07/2016 C-2 Books
  Dewey Decimal Classification     Non-fiction Central Library, University of Rajshahi Central Library, University of Rajshahi   28/12/1966 Mallek Baro 22.50   330.942 TAE 1961 04/09/2016 C-3 Books
  Dewey Decimal Classification   Not For Loan Non-fiction Central Library, University of Rajshahi Central Library, University of Rajshahi Reading Room 28/12/1966 Mullick Prokash. 22.50   330.942 TAE 1961 28/12/2016 C-1 Books